[Event "Ì15Ï"]
[Site "Loo"]
[Date "2017.04.22"]
[Round "3.5"]
[White "Áîêòàåâ, Àäüÿí."]
[Black "Þí, Âÿ÷åñëàâ."]
[Result "1/2-1/2"]
[WhiteElo "1759"]
[BlackElo "1878"]
[PlyCount "79"]
[EventDate "2017.04.20"]

1. d4 d5 2. c4 e6 3. Nf3 c5 4. e3 Nf6 5. Nc3 Nbd7 6. Bd3 Bd6 7. Bd2 O-O 8. b3
b6 9. Qc2 Bb7 10. Ng5 h6 11. h4 e5 12. cxd5 exd4 13. Nb5 Ne5 14. Bh7+ Kh8 15.
Be4 a6 16. exd4 cxd4 17. Nxd4 Rc8 18. Qb1 Bc5 19. Bc3 Bxd4 20. Bxd4 Qd6 21. Qb2
Rce8 22. O-O-O Nxe4 23. Nxe4 Qxd5 24. Rhe1 Rc8+ 25. Kb1 f6 26. f4 Ng4 27. Bxf6
Qxd1+ 28. Rxd1 Bxe4+ 29. Ka1 Nxf6 30. g3 Rfd8 31. Rxd8+ Rxd8 32. Qe2 b5 33. g4
Rc8 34. Qd1 Nd5 35. g5 Ne3 36. Qg1 Nc2+ 37. Kb2 b4 38. gxh6 gxh6 39. Qb6 Rc6
40. Qd8+ 1/2-1/2

[Event "Ì15Ï"]
[Site "Loo"]
[Date "2017.04.22"]
[Round "3.6"]
[White "Êóìàðãàëèåâ, Ìàðñåëü."]
[Black "Ãàðèôçÿíîâ, Íèÿç."]
[Result "1-0"]
[WhiteElo "1716"]
[BlackElo "1874"]
[PlyCount "99"]
[EventDate "2017.04.20"]

1. e4 e6 2. d3 d5 3. Nd2 c5 4. Ngf3 Nc6 5. g3 Nf6 6. Bg2 Be7 7. O-O O-O 8. Re1
b5 9. e5 Nd7 10. Nf1 b4 11. h4 a5 12. h5 a4 13. h6 g6 14. a3 bxa3 15. Rxa3 c4
16. dxc4 Bxa3 17. cxd5 Bb4 18. dxc6 Nb6 19. Bd2 Bxd2 20. N3xd2 Qc7 21. Qf3 f5
22. exf6 Nd5 23. c4 Nxf6 24. Qc3 Ng4 25. Ne4 Qe7 26. Re2 Nxh6 27. Qd2 Nf5 28.
Ng5 Qf6 29. Nxe6 Bxe6 30. Rxe6 Qd4 31. Bd5 Qxd2 32. Nxd2 Kg7 33. Ne4 Rab8 34.
c7 Rbc8 35. Rc6 Nd4 36. Ra6 Rxc7 37. Rxa4 Nf3+ 38. Kf1 Ne5 39. c5 Nd3 40. b3
Nxc5 41. Nxc5 Rxc5 42. Bc4 Rcf5 43. Ra2 Rc8 44. Re2 Rb8 45. Re7+ Kh6 46. Kg2
Rb6 47. g4 Rc5 48. Kg3 Kg5 49. f4+ Kf6 50. Rf7# 1-0

[Event "Ì15Ï"]
[Site "Loo"]
[Date "2017.04.22"]
[Round "3.7"]
[White "Ðóäîâñêèé, Ôèëèïï."]
[Black "Øàêèðîâ, Ìàðàò."]
[Result "1-0"]
[WhiteElo "1710"]
[BlackElo "1849"]
[PlyCount "69"]
[EventDate "2017.04.20"]

1. e4 e5 2. d4 exd4 3. Qxd4 Nc6 4. Qe3 Nf6 5. Bd2 d6 6. Nc3 g6 7. Bc4 Bg7 8.
O-O-O O-O 9. h3 Re8 10. Qf4 Ne5 11. Bb3 Be6 12. Nd5 a5 13. Qh4 Bxd5 14. exd5
Nfd7 15. Bg5 f6 16. Be3 g5 17. Qa4 Qb8 18. Qb5 Qd8 19. Ne2 f5 20. Nd4 f4 21.
Ne6 Qf6 22. Bd4 Rec8 23. c3 b6 24. Qe2 Nc5 25. Bc2 Nxe6 26. dxe6 c5 27. Bxe5
Qxe5 28. Qh5 Qxe6 29. Qxh7+ Kf8 30. Bf5 Qf6 31. Bxc8 Rxc8 32. Rd5 Ke8 33. Re1+
Kd7 34. Rf5 Qh6 35. Rf7+ 1-0

[Event "Ì15Ï"]
[Site "Loo"]
[Date "2017.04.22"]
[Round "3.8"]
[White "Àãàáåêîâ, Ñàâåëèé."]
[Black "Äîí, Àëåêñàíäð."]
[Result "1/2-1/2"]
[WhiteElo "1700"]
[BlackElo "1836"]
[PlyCount "68"]
[EventDate "2017.04.20"]

1. e4 c5 2. Nf3 a6 3. b3 Nc6 4. Bb2 e6 5. Nc3 d6 6. d4 cxd4 7. Nxd4 Nf6 8. Be2
Be7 9. O-O O-O 10. Kh1 Qc7 11. f4 b5 12. Nxc6 Qxc6 13. Bf3 Bb7 14. e5 Nd5 15.
Nxd5 exd5 16. Rc1 dxe5 17. fxe5 Bg5 18. Ra1 b4 19. Bg4 Bc8 20. Bxc8 Raxc8 21.
Qg4 Qxc2 22. e6 fxe6 23. Qxe6+ Kh8 24. Be5 Rxf1+ 25. Rxf1 Qc1 26. Bxg7+ Kxg7
27. Qe5+ Kg6 28. Qe6+ Kg7 29. Qe5+ Kg6 30. Qe6+ Kg7 31. Qe5+ Kg6 32. Qe6+ Kg7
33. Qe5+ Kg6 34. Qe6+ Kg7 1/2-1/2

[Event "Ì15Ï"]
[Site "Loo"]
[Date "2017.04.22"]
[Round "3.9"]
[White "ßðîø, Ðóñëàí."]
[Black "ßäèãàðîâ, Àéâàç."]
[Result "1/2-1/2"]
[WhiteElo "1814"]
[BlackElo "1699"]
[PlyCount "69"]
[EventDate "2017.04.20"]

1. e4 c5 2. Nf3 d6 3. d4 cxd4 4. Nxd4 Nf6 5. f3 a6 6. c4 Nc6 7. Be3 g6 8. Nc3
Bg7 9. Qd2 Nxd4 10. Bxd4 O-O 11. Be2 Bd7 12. O-O Qa5 13. a3 Rfc8 14. b4 Qd8 15.
Rac1 Be6 16. Na4 Nd7 17. Rfd1 a5 18. Bxg7 Kxg7 19. Qb2+ f6 20. c5 axb4 21. Qxb4
Qa5 22. Nb6 Nxb6 23. cxb6 Qxa3 24. Qxa3 Rxa3 25. Rxc8 Bxc8 26. Rc1 Ra8 27. Rc7
Kf8 28. Bc4 Rb8 29. Kf2 Ke8 30. Ke3 Kf8 31. Kf2 Ke8 32. Ke3 Kf8 33. Kf2 Ke8 34.
Ke3 Kf8 35. Kf2 1/2-1/2

[Event "Ì15Ï"]
[Site "Loo"]
[Date "2017.04.22"]
[Round "3.10"]
[White "Àíèñèìîâ, Àðòåì."]
[Black "Ìîðãà÷åâ, Ñåðãåé."]
[Result "0-1"]
[WhiteElo "1683"]
[BlackElo "1814"]
[PlyCount "120"]
[EventDate "2017.04.20"]

1. d4 Nf6 2. Nf3 e6 3. e3 d5 4. b3 c5 5. Bb2 Bd6 6. Bd3 b6 7. Nbd2 Bb7 8. O-O
O-O 9. Ne5 Nc6 10. f4 Ne7 11. Qe1 Ne4 12. Nxe4 dxe4 13. Bc4 Bd5 14. Qe2 f6 15.
Ng4 Qc7 16. Bxd5 exd5 17. Rac1 c4 18. bxc4 dxc4 19. c3 Nd5 20. Nf2 f5 21. g4 g6
22. Rce1 b5 23. gxf5 gxf5 24. Qc2 Kh8 25. Kh1 Qe7 26. Nd1 Rg8 27. Qf2 Rg7 28.
Rg1 Rag8 29. Bc1 Bc7 30. Rg3 Rxg3 31. hxg3 Qg7 32. Rg1 Qg4 33. Kg2 Rg6 34. Rh1
Nf6 35. Nb2 Nh5 36. Rh3 Rh6 37. Rh2 Qg7 38. Bd2 Nf6 39. Rxh6 Qxh6 40. Qg1 Qh5
41. Qh2 Qe2+ 42. Kh3 Qh5+ 43. Kg2 Qe2+ 44. Kh1 Qf1+ 45. Qg1 Qf3+ 46. Qg2 Qg4
47. Kh2 Bd6 48. Qh3 Ba3 49. Bc1 Qxh3+ 50. Kxh3 Nd5 51. Nxc4 Bxc1 52. Nd6 Nxc3
53. Nxf5 Nxa2 54. d5 Nb4 55. d6 Nc6 56. Ne7 Nd8 57. Nd5 a5 58. f5 a4 59. Nf4 a3
60. Ne6 Nf7 0-1

[Event "Ì15Ï"]
[Site "Loo"]
[Date "2017.04.22"]
[Round "3.11"]
[White "Äîëãèðåâ, Ëåâ."]
[Black "Âëàñîâ, Àëåêñàíäð."]
[Result "1/2-1/2"]
[WhiteElo "1669"]
[BlackElo "1808"]
[PlyCount "155"]
[EventDate "2017.04.20"]

1. d4 e6 2. c4 b6 3. Nf3 Bb7 4. a3 Nf6 5. Nc3 Be7 6. d5 O-O 7. e4 d6 8. Be2 e5
9. O-O a5 10. Bd2 Nbd7 11. b4 Ne8 12. Qc2 g6 13. Bd3 Ng7 14. Bh6 Re8 15. Na4
Bf8 16. Rfb1 Qe7 17. c5 dxc5 18. Bb5 axb4 19. axb4 Ba6 20. Bc6 Ra7 21. bxc5
bxc5 22. Be3 Bc8 23. Qc3 f6 24. Re1 Rd8 25. Bxd7 Qxd7 26. Nxc5 Bxc5 27. Rxa7
Bxa7 28. Bxa7 Ne8 29. Be3 Ba6 30. Nd2 Rb8 31. Nb3 Qb5 32. Nc5 Bc8 33. f4 exf4
34. Bxf4 Qb4 35. Qe3 Qb6 36. Kh1 Nd6 37. Qc3 Ne8 38. e5 fxe5 39. Qxe5 Bf5 40.
Ne6 Bxe6 41. dxe6 Qd6 42. Qe3 Qe7 43. Bg5 Qd6 44. e7 Rb5 45. Bf4 Qd7 46. h3 c6
47. Bg5 Qf5 48. Bf4 Qd7 49. Ra1 Rd5 50. Ra8 Kf7 51. Bg5 h6 52. Bxh6 Qxe7 53.
Qf2+ Kg8 54. Ra7 Rd7 55. Ra4 Rd6 56. Rf4 Rf6 57. Bg5 Rxf4 58. Qxf4 Qe6 59. Bh6
Ng7 60. Qc7 Qf6 61. Bxg7 Qxg7 62. Qxc6 Qa1+ 63. Kh2 Qe5+ 64. g3 Qe2+ 65. Qg2
Qe5 66. h4 g5 67. Qa8+ Kh7 68. Qb7+ Kh6 69. Qc6+ Kg7 70. Qd7+ Kh6 71. Qd2 Kg6
72. Qc2+ Kh6 73. Qc6+ Kh5 74. Qf3+ Kh6 75. Qf8+ Kg6 76. Qg8+ Kh6 77. Qf8+ Kg6
78. Qg8+ 1/2-1/2

[Event "Ì15Ï"]
[Site "Loo"]
[Date "2017.04.22"]
[Round "3.12"]
[White "Áðàæíèêîâ, Äìèòðèé."]
[Black "Êàðàâàåâ, Àëåêñàíäð."]
[Result "1-0"]
[WhiteElo "1465"]
[BlackElo "1794"]
[PlyCount "119"]
[EventDate "2017.04.20"]

1. e4 d6 2. d4 Nf6 3. Nc3 g6 4. f4 Bg7 5. Nf3 O-O 6. Bd3 Na6 7. O-O c5 8. d5
Bg4 9. Bc4 Nc7 10. h3 Bxf3 11. Qxf3 Nd7 12. Be3 Rb8 13. a4 Na6 14. Nd1 Nb6 15.
Be2 Nb4 16. c3 Na6 17. Nf2 Nc7 18. f5 Nd7 19. Ng4 Ne5 20. Nxe5 Bxe5 21. Bh6 Bg7
22. Bxg7 Kxg7 23. g4 f6 24. g5 gxf5 25. Qxf5 Qc8 26. gxf6+ Rxf6 27. Qh5 Kh8 28.
Kh2 Qe8 29. Qh4 Qg6 30. Bh5 Qh6 31. Rxf6 Qxf6 32. Qxf6+ exf6 33. Rf1 Rf8 34.
Kg3 Kg7 35. Kf4 f5 36. Rg1+ Kf6 37. c4 fxe4 38. Kxe4 Rb8 39. h4 Ne8 40. Rf1+
Kg7 41. Rf7+ Kg8 42. Rf2 Kg7 43. Kf5 Nf6 44. Rg2+ Kh6 45. Kxf6 Kxh5 46. Ke7
Kxh4 47. Rh2+ Kg4 48. Rxh7 Kf4 49. Kxd6 Ke4 50. Kxc5 Rc8+ 51. Kb5 a6+ 52. Kb4
Kd4 53. Rh4+ Ke5 54. Ka5 b5 55. axb5 axb5 56. Kxb5 Rb8+ 57. Kc6 Rxb2 58. c5 Rf2
59. d6 Ke6 60. Re4+ 1-0

[Event "Ì15Ï"]
[Site "Loo"]
[Date "2017.04.22"]
[Round "3.13"]
[White "Ñîìêèí, Êèðèëë."]
[Black "Ãàãëàçîâ, Ìèõàèë."]
[Result "1-0"]
[WhiteElo "1942"]
[BlackElo "1550"]
[PlyCount "107"]
[EventDate "2017.04.20"]

1. e4 e6 2. d4 d5 3. e5 c5 4. c3 Qb6 5. Nf3 Nc6 6. Na3 cxd4 7. cxd4 Bd7 8. Nc2
Nb4 9. Ne3 Bb5 10. Be2 Qa6 11. g3 Rc8 12. Kf1 Bxe2+ 13. Qxe2 Nd3 14. Bd2 Bb4
15. Bxb4 Nxb4 16. Qxa6 Nxa6 17. Ke2 Ne7 18. a3 O-O 19. Rac1 Rc6 20. Rxc6 Nxc6
21. Rc1 Rc8 22. Kd2 Ne7 23. Rxc8+ Nxc8 24. Ne1 Kf8 25. f4 Ne7 26. Kc3 Ke8 27.
b4 Nc7 28. a4 b6 29. g4 g6 30. Nf3 h6 31. h4 Kf8 32. Nd2 Ke8 33. Ndf1 Kf8 34.
Ng3 Kg8 35. h5 Kh7 36. hxg6+ Kxg6 37. Ng2 Kh7 38. Kd3 Ne8 39. Nh5 Ng8 40. f5
Ng7 41. Ngf4 Nxh5 42. Nxh5 Ne7 43. Ng3 a6 44. b5 axb5 45. axb5 Kh8 46. fxe6
fxe6 47. Nh5 Ng8 48. Nf4 Kg7 49. Nxe6+ Kg6 50. Nf4+ Kg5 51. Nxd5 Kxg4 52. Nf6+
Kg5 53. Nxg8 h5 54. e6 1-0

[Event "Ì15Ï"]
[Site "Loo"]
[Date "2017.04.22"]
[Round "3.14"]
[White "Äàíçàíäîðæèåâ, Áóëàò."]
[Black "Ãàáäðàõìàíîâ, Àçàò."]
[Result "0-1"]
[WhiteElo "1754"]
[BlackElo "2011"]
[PlyCount "68"]
[EventDate "2017.04.20"]

1. d4 Nf6 2. c4 g6 3. Nc3 Bg7 4. e4 d6 5. Nf3 O-O 6. Be2 e5 7. d5 Nbd7 8. O-O
a5 9. Qc2 Nc5 10. Bg5 h6 11. Be3 Nh5 12. g3 Bh3 13. Rfe1 Qd7 14. Kh1 Bg4 15. b3
g5 16. Ng1 Bxe2 17. Qxe2 g4 18. f3 Nf6 19. Bxc5 dxc5 20. Qe3 gxf3 21. Nxf3 Ng4
22. Qxc5 f5 23. Kg2 f4 24. Nd1 Qf7 25. Rf1 Qg6 26. Nd2 Ra6 27. Rc1 Nxh2 28. Rc3
Nxf1 29. Kxf1 fxg3+ 30. Kg2 Qh5 31. Rxg3 Rg6 32. Nf2 Rxg3+ 33. Kxg3 Qg5+ 34.
Ng4 h5 0-1

[Event "Ì15Ï"]
[Site "Loo"]
[Date "2017.04.22"]
[Round "3.15"]
[White "Àäûðáàåâ, Àëüáåðò."]
[Black "Öûáóëüêèí, Èâàí."]
[Result "1/2-1/2"]
[WhiteElo "2008"]
[BlackElo "1734"]
[PlyCount "143"]
[EventDate "2017.04.20"]

1. Nf3 f5 2. g3 Nf6 3. Bg2 g6 4. O-O Bg7 5. c4 O-O 6. d4 d6 7. Nc3 Qe8 8. d5 a5
9. Rb1 Na6 10. Nd4 Nc5 11. b3 e5 12. dxe6 Bxe6 13. Bb2 Nfe4 14. Nxe4 fxe4 15.
Nb5 Qe7 16. Bxg7 Qxg7 17. Qd4 Qxd4 18. Nxd4 Bf5 19. Rbd1 Rf7 20. h3 h5 21. f3
Raf8 22. g4 hxg4 23. fxg4 Bd7 24. Rxf7 Rxf7 25. a3 Re7 26. e3 Kg7 27. Kh2 a4
28. b4 Nd3 29. Rd2 Ne5 30. Rc2 Nd3 31. c5 dxc5 32. bxc5 Re5 33. c6 bxc6 34.
Nxc6 Bxc6 35. Rxc6 Re7 36. Kg3 Ne5 37. Ra6 Nc4 38. Rxa4 Nxe3 39. Bxe4 Nf1+ 40.
Kf4 Nd2 41. Bc2 Rf7+ 42. Ke5 Rf3 43. Ra6 Nc4+ 44. Kd4 Nxa3 45. Rxg6+ Kf7 46.
Be4 Rxh3 47. Rc6 Rg3 48. Bf5 Nb5+ 49. Ke5 Rc3 50. Rh6 Rc5+ 51. Kf4 Nd6 52. Bd3
Rc3 53. Rh3 Kg7 54. Rh7+ Kg8 55. Bg6 Rc4+ 56. Kg5 Rc1 57. Rd7 Kf8 58. Kh6 Rh1+
59. Bh5 Rc1 60. Kh7 Rc5 61. Rg7 Rc1 62. Kh6 Rc6 63. Kh7 Rc1 64. Rd7 Rc5 65.
Rd8+ Ke7 66. Rg8 Kf6 67. Rg6+ Ke7 68. Kh6 Nf7+ 69. Kh7 Ng5+ 70. Kg8 Ne6 71. Kh8
Rd5 72. Rg8 1/2-1/2

[Event "Ì15Ï"]
[Site "Loo"]
[Date "2017.04.22"]
[Round "3.16"]
[White "Ëèñèìåíêî, Ðóñëàí."]
[Black "Äîëãèõ, Åâãåíèé."]
[Result "0-1"]
[WhiteElo "1733"]
[BlackElo "2003"]
[PlyCount "82"]
[EventDate "2017.04.20"]

1. c4 e6 2. g3 Nf6 3. Bg2 d5 4. d4 Be7 5. Nf3 O-O 6. O-O c6 7. Nc3 b6 8. Ne5
Bb7 9. b3 Nbd7 10. f4 Rc8 11. Bb2 c5 12. e3 Ba6 13. Qe2 cxd4 14. exd4 dxc4 15.
Nc6 Rxc6 16. Bxc6 Nb8 17. Bb5 Qxd4+ 18. Rf2 Bc5 19. Bxa6 Qxf2+ 20. Qxf2 Bxf2+
21. Kxf2 Nxa6 22. bxc4 Rc8 23. Rd1 h6 24. Nb5 Rxc4 25. Rd8+ Kh7 26. Bxf6 Rc2+
27. Ke3 gxf6 28. Rd7 Kg6 29. a3 Rb2 30. Nd4 Nc5 31. Rxa7 Rxh2 32. f5+ exf5 33.
Nf3 Rb2 34. Nh4+ Kg5 35. Kf3 Ne4 36. Rxf7 Rb3+ 37. Ke2 Nxg3+ 38. Kd1 Kxh4 39.
Rxf6 h5 40. a4 Rb4 41. a5 bxa5 0-1

[Event "Ì15Ï"]
[Site "Loo"]
[Date "2017.04.22"]
[Round "3.17"]
[White "Äçàãîâ, Êàìáóëàò."]
[Black "Ñëóãèí, ßðîñëàâ."]
[Result "0-1"]
[WhiteElo "1727"]
[BlackElo "1974"]
[PlyCount "134"]
[EventDate "2017.04.20"]

1. e4 g6 2. d4 Bg7 3. Nc3 d6 4. f3 Nd7 5. Be3 e5 6. Nge2 Ne7 7. Qd2 O-O 8. h4
f5 9. O-O-O a6 10. Bh6 f4 11. Bxg7 Kxg7 12. Kb1 Nc6 13. h5 g5 14. d5 Na5 15.
Ng1 b5 16. Nh3 h6 17. Nf2 Nb6 18. b3 Nb7 19. Nd3 Bd7 20. Ne2 Qe7 21. Ng1 Be8
22. Qf2 Nd7 23. g3 fxg3 24. Qxg3 Nf6 25. Nb4 Nxh5 26. Qh2 Rh8 27. Nc6 Qf6 28.
Bh3 Bxc6 29. dxc6 Nd8 30. Bd7 Nf4 31. Nh3 Nxh3 32. Qxh3 Nf7 33. Qh5 Raf8 34.
Rdf1 Nd8 35. Qg4 Rf7 36. Rhg1 Kf8 37. Qg2 Ne6 38. Bxe6 Qxe6 39. Qd2 Ke7 40. Qa5
Qc8 41. a4 bxa4 42. Qxa4 Rf4 43. Qc4 Rhf8 44. Rh1 R8f6 45. Qd3 Qa8 46. Qd5 Kf8
47. Qc4 Qa7 48. Ka2 Kg7 49. Qd3 Qb6 50. Qc3 Qc5 51. Qd2 Qxc6 52. Qh2 Rh4 53.
Qg2 Rxh1 54. Rxh1 a5 55. Kb2 a4 56. Qh3 axb3 57. cxb3 Qb5 58. Rh2 c5 59. Rc2
Qe8 60. Rh2 Qe6 61. Qg2 Rf7 62. Kc3 Qf6 63. Rh3 Qf4 64. Rg3 Qc1+ 65. Kd3 Rb7
66. Qc2 Qf1+ 67. Ke3 Qe1+ 0-1

[Event "Ì15Ï"]
[Site "Loo"]
[Date "2017.04.22"]
[Round "3.18"]
[White "Àéðàïåòÿí, Òèãðàí."]
[Black "Êðåòîâ, Ëåîíèä."]
[Result "0-1"]
[WhiteElo "1683"]
[BlackElo "1911"]
[PlyCount "118"]
[EventDate "2017.04.20"]

1. e4 e6 2. d4 d5 3. exd5 exd5 4. Bd3 Nc6 5. c3 Bd6 6. Qf3 Be6 7. Ne2 Qd7 8. h3
O-O-O 9. Nf4 Kb8 10. Be3 Nf6 11. Nxe6 fxe6 12. O-O e5 13. Bb5 Nxd4 14. cxd4
Qxb5 15. Nc3 Qe8 16. Rfe1 e4 17. Qd1 c6 18. a3 Qh5 19. Qxh5 Nxh5 20. b4 Nf4 21.
Bxf4 Bxf4 22. Ne2 Bg5 23. Ng3 g6 24. Nf1 b6 25. Ne3 Bf6 26. Red1 Rc8 27. Ng4
Bg7 28. Rac1 Rhd8 29. Ne3 Ka8 30. Rc2 Bf8 31. Rcd2 Bg7 32. Rc2 c5 33. bxc5 bxc5
34. Rxc5 Rxc5 35. dxc5 d4 36. Nc4 Bf8 37. f3 exf3 38. gxf3 Bxc5 39. Rd3 Kb7 40.
Kg2 Kc6 41. a4 Re8 42. Kf2 Kd5 43. Na5 Bb4 44. Nb3 Bc3 45. Nc1 Kc4 46. Rd1 Rb8
47. Nd3 Rb3 48. Ne5+ Kd5 49. Ng4 Ra3 50. Nf6+ Kc4 51. Nxh7 Ra2+ 52. Kg3 d3 53.
Ng5 d2 54. Ne4 Kd3 55. Nxc3 Kxc3 56. Kg4 Rxa4+ 57. Kg5 Kc2 58. Rxd2+ Kxd2 59.
Kxg6 Rf4 0-1

[Event "Ì15Ï"]
[Site "Loo"]
[Date "2017.04.22"]
[Round "3.19"]
[White "Áðèíü, Èëüÿ."]
[Black "Ñòÿæêèí, Íèêèòà."]
[Result "1-0"]
[WhiteElo "1909"]
[BlackElo "1703"]
[PlyCount "121"]
[EventDate "2017.04.20"]

1. e4 e6 2. d4 d5 3. Nd2 dxe4 4. Nxe4 Nd7 5. Bd3 Ngf6 6. Ng3 Be7 7. c4 b6 8.
Be3 Bb7 9. f3 O-O 10. Qd2 c5 11. N1e2 Qc7 12. O-O-O cxd4 13. Nxd4 Nd5 14. Nb3
Qc6 15. Kb1 Nxe3 16. Qxe3 Nc5 17. Bc2 a6 18. Nd4 Qc7 19. b4 e5 20. Ngf5 Bf6 21.
bxc5 exd4 22. Nh6+ Kh8 23. Qd3 g6 24. h4 Qxc5 25. Ng4 Be7 26. h5 Kg7 27. hxg6
hxg6 28. Rhe1 Rfe8 29. Ka1 Rad8 30. Re5 Qb4 31. Re6 Rd6 32. Rxd6 Qxd6 33. Qd2
g5 34. Rh1 Bf6 35. Qd3 Kf8 36. Rh6 Re1+ 37. Bd1 Qf4 38. Kb2 Re6 39. Nxf6 Rxf6
40. Rxf6 Qxf6 41. Bc2 Qd6 42. a3 Qe5 43. Kb1 Qe3 44. Qh7 Qe1+ 45. Ka2 Qe2 46.
Kb1 Qe3 47. Qh8+ Ke7 48. Qb8 Bxf3 49. Qc7+ Kf8 50. gxf3 Kg7 51. Qxb6 Qe1+ 52.
Ka2 Qd2 53. Qb3 f5 54. Qd3 Qxd3 55. Bxd3 g4 56. fxg4 fxg4 57. Kb2 Kf6 58. c5
Ke5 59. c6 g3 60. Bf1 Kd6 61. Bg2 1-0

[Event "Ì15Ï"]
[Site "Loo"]
[Date "2017.04.22"]
[Round "3.20"]
[White "Ñîëîäÿíêèí, Òèìîôåé."]
[Black "Àáäóðàèìîâ, Ýñìåò."]
[Result "1/2-1/2"]
[WhiteElo "1867"]
[BlackElo "1720"]
[PlyCount "80"]
[EventDate "2017.04.20"]

1. d4 f5 2. Nf3 Nf6 3. g3 e6 4. Bg2 d5 5. O-O Bd6 6. c4 c6 7. c5 Bc7 8. Nc3 b6
9. b4 a5 10. b5 Ne4 11. Nxe4 dxe4 12. Ng5 bxc5 13. dxc5 Qxd1 14. Rxd1 cxb5 15.
f3 h6 16. Nh3 exf3 17. Bxf3 Ra6 18. Rb1 Bd7 19. e4 b4 20. exf5 exf5 21. Nf4 O-O
22. Be2 Ra7 23. Bb2 Bxf4 24. gxf4 Be6 25. Ra1 Rc8 26. Rd6 Bf7 27. Bd3 g6 28. a3
b3 29. Bb5 Rac7 30. Bd4 Nc6 31. Be3 Ne7 32. Rad1 Rxc5 33. Bxc5 Rxc5 34. Ba4 b2
35. R6d2 Rc4 36. Bb3 Rxf4 37. Bxf7+ Kxf7 38. Rxb2 Rf3 39. Ra1 Nc6 40. Rb5 Rc3
1/2-1/2

[Event "Ì15Ï"]
[Site "Loo"]
[Date "2017.04.22"]
[Round "3.21"]
[White "Áàáàÿí, Àðìàí."]
[Black "Ñàäîâíèêîâ, Êîíñòàíòèí."]
[Result "1/2-1/2"]
[WhiteElo "1531"]
[BlackElo "1826"]
[PlyCount "120"]
[EventDate "2017.04.20"]

1. d4 Nf6 2. Nf3 c5 3. e3 g6 4. b3 Bg7 5. Bb2 O-O 6. c4 d6 7. Bd3 e6 8. Nbd2
Na6 9. a3 b6 10. O-O Bb7 11. Qe2 Re8 12. Bc3 Qc8 13. b4 Nh5 14. Ne4 Qd8 15. Qb2
f5 16. Ng3 Nxg3 17. hxg3 Qe7 18. Nd2 cxd4 19. exd4 Rad8 20. b5 Nc7 21. a4 d5
22. c5 bxc5 23. dxc5 Bxc3 24. Qxc3 d4 25. Qa5 Nd5 26. c6 Bc8 27. Bc4 Nb6 28.
Bb3 Kg7 29. Rac1 Qc7 30. Qb4 Nd5 31. Qxd4+ e5 32. Qb2 Nb4 33. Bc2 Nxc2 34. Rxc2
Rd4 35. Rc4 Red8 36. Rxd4 Rxd4 37. Nf3 Re4 38. Re1 Rxe1+ 39. Nxe1 Kf6 40. Nd3
Qd6 41. Qc3 Ke6 42. a5 e4 43. Nf4+ Kf7 44. Qc4+ Kg7 45. Nd5 Qa3 46. Qd4+ Kg8
47. Qc3 Qd6 48. Qd4 Qa3 49. Qc3 Qd6 50. Ne3 Qb8 51. Qc4+ Kg7 52. Qd4+ Kf7 53.
b6 axb6 54. axb6 Be6 55. c7 Qc8 56. Qd8 Qb7 57. Qb8 Bc8 58. Kh2 Qa6 59. Nd5 g5
60. Nb4 Qe2 1/2-1/2

[Event "Ì15Ï"]
[Site "Loo"]
[Date "2017.04.22"]
[Round "3.22"]
[White "Îæåãîâ, Åãîð."]
[Black "Ãåéí, Âëàäèìèð."]
[Result "1/2-1/2"]
[WhiteElo "1632"]
[BlackElo "1822"]
[PlyCount "130"]
[EventDate "2017.04.20"]

1. d4 d5 2. Nf3 Nf6 3. e3 e6 4. Bd3 c5 5. O-O cxd4 6. exd4 Nc6 7. a3 Be7 8. b3
O-O 9. Nbd2 b6 10. Bb2 Bb7 11. Qe2 Bd6 12. Ne5 Ne7 13. f4 Qc7 14. h4 Nf5 15.
Kh2 Nxh4 16. g4 Rac8 17. Rac1 Ng6 18. g5 Nd7 19. Qh5 Rfe8 20. Kg3 Ndf8 21. b4
f6 22. gxf6 gxf6 23. Nxg6 hxg6 24. Bxg6 Nxg6 25. Qxg6+ Qg7 26. Qxg7+ Kxg7 27.
c4 dxc4 28. Nxc4 Bb8 29. b5 Kf7 30. Rg1 Rg8+ 31. Kf2 Rxg1 32. Kxg1 Bxf4 33. Rc2
Rg8+ 34. Kf1 Be4 35. Rc3 Rg3 36. Rxg3 Bxg3 37. Ke2 Bf4 38. Bc3 Ke7 39. Bb4+ Kd7
40. Nd2 Bc2 41. Bf8 Ba4 42. Ne4 Bxb5+ 43. Kf3 Bc1 44. Nxf6+ Kc6 45. Ke4 Bf1 46.
Ke5 Bh3 47. Ne4 a5 48. Nc3 Bg2 49. Kxe6 Bh3+ 50. Ke5 Bb2 51. d5+ Kd7 52. Kd4
Bf1 53. Bh6 Bxa3 54. Bd2 Bb2 55. Ke3 Ba3 56. Kf2 Bc4 57. Na4 Kc7 58. Bf4+ Kb7
59. d6 Be6 60. Be3 Kc6 61. Bxb6 Bb3 62. Bxa5 Bxa4 63. Bc7 Kd5 64. Ke3 Bc5+ 65.
Kf4 Bd7 1/2-1/2

[Event "Ì15Ï"]
[Site "Loo"]
[Date "2017.04.22"]
[Round "3.23"]
[White "Áîáêîâ, Âàäèì."]
[Black "Íîâèêîâ, Èâàí."]
[Result "1-0"]
[WhiteElo "1894"]
[BlackElo "1649"]
[PlyCount "87"]
[EventDate "2017.04.20"]

1. d4 Nf6 2. c4 g6 3. Nc3 d5 4. Bf4 Bg7 5. e3 c5 6. dxc5 Qa5 7. Qa4+ Qxa4 8.
Nxa4 dxc4 9. Bxc4 Bd7 10. Nc3 Na6 11. Bxa6 bxa6 12. Be5 Rc8 13. b4 a5 14. a3 a4
15. Nge2 O-O 16. O-O Rfd8 17. Rfd1 a6 18. f3 Bc6 19. Rxd8+ Rxd8 20. Rd1 Rxd1+
21. Nxd1 Nd5 22. Bxg7 Kxg7 23. e4 Nc7 24. Nd4 Bb5 25. Nc3 e6 26. Ncxb5 axb5 27.
Kf2 Kf6 28. Ke3 e5 29. Ne2 Ke6 30. f4 f5 31. Nc3 fxe4 32. Kxe4 exf4 33. Kxf4 h6
34. Ke4 g5 35. g4 Na6 36. Nxb5 Kd7 37. Kd5 h5 38. c6+ Kc8 39. gxh5 g4 40. h6 g3
41. hxg3 Kd8 42. h7 Nc7+ 43. Nxc7 Kxc7 44. h8=Q 1-0

[Event "Ì15Ï"]
[Site "Loo"]
[Date "2017.04.22"]
[Round "3.24"]
[White "Òÿïêèí, Ïåòð."]
[Black "Æóê, Êèðèëë."]
[Result "1-0"]
[WhiteElo "1960"]
[BlackElo "1641"]
[PlyCount "155"]
[EventDate "2017.04.20"]

1. d4 d5 2. Nf3 Nf6 3. c4 e6 4. Qc2 Be7 5. g3 c6 6. Bg2 Nbd7 7. O-O O-O 8. Nbd2
Re8 9. Rd1 Qc7 10. e4 dxe4 11. Nxe4 Nxe4 12. Qxe4 Nf6 13. Qe2 h6 14. Bf4 Bd6
15. Ne5 Nd7 16. Nd3 Bxf4 17. Nxf4 Nf6 18. Nd3 Bd7 19. Rd2 Rad8 20. Rad1 Bc8 21.
Ne5 Nd7 22. Nf3 b6 23. b3 Bb7 24. Qe3 c5 25. Qc3 Nf6 26. Qe3 Nd7 27. h3 cxd4
28. Nxd4 Bxg2 29. Kxg2 Nc5 30. Nb5 Qc6+ 31. Qf3 Qxf3+ 32. Kxf3 Rxd2 33. Rxd2 a6
34. Nc3 Kf8 35. Rd6 Rb8 36. b4 Nb7 37. Rxb6 Rd8 38. Ne4 Rd3+ 39. Ke2 Rd7 40.
Rxa6 Rc7 41. c5 f5 42. Nc3 e5 43. Ra8+ Kf7 44. Ra7 Re7 45. Nd5 Rd7 46. Nb6 Re7
47. c6 Nd6 48. Rxe7+ Kxe7 49. c7 g5 50. a4 Nc8 51. Nxc8+ Kd7 52. Nb6+ Kxc7 53.
Nc4 e4 54. Ne5 f4 55. Nf7 e3 56. Nxh6 exf2 57. Kxf2 fxg3+ 58. Kxg3 Kc6 59. Nf7
Kd5 60. Nxg5 Kc4 61. b5 Kc5 62. h4 Kb6 63. h5 Ka5 64. Nf3 Kb6 65. Nd2 Ka5 66.
Nc4+ Kxa4 67. b6 Kb5 68. b7 Kxc4 69. b8=Q Kd5 70. Qe8 Kd4 71. h6 Kd5 72. h7 Kd6
73. h8=Q Kd5 74. Qh7 Kd4 75. Qhd7+ Kc5 76. Qec8+ Kb4 77. Qdb7+ Ka5 78. Qca8#
1-0

[Event "Ì15Ï"]
[Site "Loo"]
[Date "2017.04.22"]
[Round "3.25"]
[White "Áåëîâ, Êèðèëë."]
[Black "Áðàò÷èêîâ, Âëàäèñëàâ."]
[Result "1-0"]
[WhiteElo "1615"]
[BlackElo "1894"]
[PlyCount "93"]
[EventDate "2017.04.20"]

1. e4 c6 2. d4 d5 3. e5 Bf5 4. h4 h5 5. Nc3 e6 6. Nf3 a6 7. Be2 Ne7 8. Bg5 Qb6
9. Na4 Qa5+ 10. c3 Nd7 11. b4 Qc7 12. O-O f6 13. Bf4 Ng6 14. Bh2 fxe5 15. dxe5
Ngxe5 16. Nxe5 Nxe5 17. Bxh5+ g6 18. g4 gxh5 19. gxf5 exf5 20. Bxe5 Rg8+ 21.
Kh1 Qe7 22. Qxh5+ Kd8 23. Rae1 Rg4 24. Bc7+ Kxc7 25. Rxe7+ Bxe7 26. Qf7 Rxh4+
27. Kg2 Rg4+ 28. Kf3 Re4 29. Nc5 Re5 30. Kf4 Re2 31. f3 b6 32. Ne6+ Kd6 33. Nd4
Re5 34. Nxc6 Re6 35. Nxe7 Rxe7 36. Qxf5 Raa7 37. Kg3 Rg7+ 38. Kf2 Rgf7 39. Qg6+
Ke7 40. Re1+ Kf8 41. Qxb6 Rfd7 42. Re6 d4 43. cxd4 Rac7 44. Rg6 Rc2+ 45. Kg3
Rc8 46. Qe6 Rdc7 47. Rg8# 1-0

[Event "Ì15Ï"]
[Site "Loo"]
[Date "2017.04.22"]
[Round "3.26"]
[White "Øàäóíö, Êèðèëë."]
[Black "Ñìåëûõ, Ýäâèí."]
[Result "1-0"]
[WhiteElo "1877"]
[BlackElo "1635"]
[PlyCount "65"]
[EventDate "2017.04.20"]

1. d4 d5 2. c4 c6 3. Nf3 Nf6 4. Nc3 dxc4 5. a4 Bf5 6. e3 e6 7. Bxc4 Nbd7 8. O-O
Be7 9. Qe2 O-O 10. e4 Bg6 11. Rd1 Nb6 12. Bd3 a5 13. h3 h6 14. Bf4 Bb4 15. Qe3
Re8 16. g4 h5 17. Ne5 Bh7 18. Bg5 Be7 19. f4 hxg4 20. hxg4 Nfd7 21. Bxe7 Qxe7
22. Kg2 g6 23. g5 Kg7 24. Ng4 Nc8 25. Rh1 Rh8 26. Rh6 Qb4 27. Qf2 Ne7 28. Rah1
Ng8 29. R6h3 Rd8 30. e5 Nf8 31. Nf6 Qxd4 32. Qh4 Qb4 33. Qh6+ 1-0

[Event "Ì15Ï"]
[Site "Loo"]
[Date "2017.04.22"]
[Round "3.27"]
[White "Äîðîôååâ, Äåíèñ."]
[Black "Êîðîëåâ, Êèðèëë."]
[Result "0-1"]
[WhiteElo "1581"]
[BlackElo "1854"]
[PlyCount "80"]
[EventDate "2017.04.20"]

1. e4 Nf6 2. e5 Nd5 3. d4 d6 4. Nf3 dxe5 5. Nxe5 g6 6. Bc4 Be6 7. O-O Bg7 8.
Bb3 O-O 9. Qe2 a5 10. a4 Nc6 11. Nxc6 bxc6 12. Rd1 Qb8 13. Na3 Qa7 14. c4 Nb4
15. Be3 Qa6 16. Rac1 Rab8 17. Qd2 Rfd8 18. Qe1 Bf5 19. Qf1 c5 20. Bf4 Rxd4 21.
Bxc7 Rc8 22. Nb5 Bd3 23. Qe1 Re4 24. Qd2 Re2 25. Qf4 Rxb2 26. Be5 Bxe5 27. Qxe5
Qf6 28. Qxf6 exf6 29. Nd6 Rc6 30. Nb7 Rc7 31. Nxa5 Rc8 32. Rc3 Ra8 33. Rcxd3
Nxd3 34. Rxd3 Rxa5 35. g3 Ra6 36. Kg2 Rb6 37. Bd1 R6b4 38. Rc3 Rb1 39. Bc2 Rc1
40. g4 Rb2 0-1